[Event "Open"]
[Site "Brescia ITA"]
[Date "2009.06.11"]
[Round "6"]
[White "Sveshnikov,V"]
[Black "Lazic,Mir"]
[Result "1/2-1/2"]
[WhiteElo "2385"]
[BlackElo "2438"]

1.e4 d6 2.d4 Nf6 3.Nc3 e5 4.dxe5 dxe5 5.Qxd8+ Kxd8 6.Bg5 Be7 7.O-O-O+ Nbd7
8.f4 Ng4 9.Bxe7+ Kxe7 10.Rd2 exf4 11.Nh3 c6 12.Nxf4 Nge5 13.Be2 Nf6 14.Rhd1 g5
15.Nh5 Nxh5 16.Bxh5 Be6 17.Be2 h5 18.b3 h4 19.Na4 h3 20.g3 Rad8 21.Nc5 Rxd2
22.Rxd2 Rh6 23.Nd3 Nd7 24.Rd1 Nf6 25.Nf2 Nd7  1/2-1/2

[Event "13th Open"]
[Site "Voronezh RUS"]
[Date "2009.06.12"]
[Round "1"]
[White "Matinian,N"]
[Black "Bocharov,D"]
[Result "1/2-1/2"]
[WhiteElo "2369"]
[BlackElo "2606"]

1.e4 d6 2.d4 Nf6 3.Nc3 e5 4.dxe5 dxe5 5.Qxd8+ Kxd8 6.Nf3 Bd6 7.Bc4 Ke7 8.Bg5 c6
9.Nd2 h6 10.Bh4 Nd7 11.a4 g5 12.Bg3 Nh5 13.Nd1 Bc5 14.a5 Nxg3 15.hxg3 Nf6
16.Ke2 Bd7 17.Bd3 Be6 18.Ne3 Bxe3 19.Kxe3 Rab8 20.Ra4 h5 21.Rb4 Bc8 22.Nc4 Nd7
23.Be2 h4 24.gxh4 Rxh4 25.Rxh4 gxh4 26.Bg4 f6 27.Ke2 Nc5 28.Bxc8 Rxc8 29.Ne3 Rh8
30.Nf5+ Kd7 31.Rc4 Ne6 32.Rc3 Kc7  1/2-1/2

[Event "XXVII Open A"]
[Site "Balatonlelle HUN"]
[Date "2009.06.13"]
[Round "1"]
[White "Straubinger,D"]
[Black "Varga,Zo"]
[Result "1/2-1/2"]
[WhiteElo "2214"]
[BlackElo "2457"]

1.e4 d6 2.d4 Nf6 3.Nc3 Nbd7 4.Bg5 h6 5.Be3 c6 6.Bd3 b5 7.Nf3 e5 8.h3 Be7
9.Ne2 O-O 10.Ng3 Re8 11.O-O Bf8 12.Qd2 exd4 13.Bxd4 a6 14.b3 c5 15.Bb2 Bb7
16.Rfe1 Nb6 17.Qf4 Re6 18.Rad1 Qe8 19.c4 bxc4 20.bxc4 Nbd7 21.Bb1 Rb8 22.Ba1 g6
23.Nd2 Bg7 24.Bc2 Bc6 25.Qe3 Nb6 26.Qa3 Ba4 27.Bb3 Qc6  1/2-1/2

[Event "13th FIDE Open"]
[Site "Voronezh RUS"]
[Date "2009.06.13"]
[Round "2"]
[White "Petrova,O"]
[Black "Dubov,Danil"]
[Result "0-1"]
[WhiteElo "2285"]
[BlackElo "2125"]

1.e4 d6 2.d4 Nf6 3.Nc3 e5 4.Nf3 exd4 5.Nxd4 g6 6.Bc4 Bg7 7.O-O O-O 8.Bg5 Nbd7
9.f4 Nb6 10.Be2 Qe8 11.Bf3 a6 12.Re1 h6 13.Bh4 Na4 14.e5 Nxc3 15.bxc3 dxe5
16.Rxe5 Qa4 17.Qd2 Rb8 18.h3 Qa3 19.Bf2 c5 20.Nb3 b6 21.Re7 c4 22.Nc5 bxc5
23.Qd6 Qb2 24.Rae1 Be6 25.Bxc5 Qxc3 26.Re2 Rfd8 27.Qxa6 Bf8 28.R7xe6 fxe6
29.Qxe6+ Kh8 30.Qf7 Be7 31.Bxe7 Nh7 32.Bxd8 Rxd8  0-1

[Event "FSGM June"]
[Site "Budapest HUN"]
[Date "2009.06.14"]
[Round "8"]
[White "Fogarasi,T"]
[Black "Solomon,K"]
[Result "1/2-1/2"]
[WhiteElo "2426"]
[BlackElo "2346"]

1.e4 d6 2.d4 Nf6 3.Nc3 e5 4.Nf3 Nbd7 5.Bc4 Be7 6.O-O O-O 7.Re1 c6 8.a4 a5
9.h3 Nb6 10.Ba2 Nfd7 11.Be3 exd4 12.Bxd4 Nc5 13.Bxc5 dxc5 14.Qe2 Qd6 15.Rad1 Qe6
16.Nh2 Bg5 17.e5 Be7 18.Ng4 Qg6 19.e6 Bxe6 20.Bxe6 fxe6 21.Qxe6+ Qxe6 22.Rxe6  1/2-1/2

[Event "13th FIDE Open"]
[Site "Voronezh RUS"]
[Date "2009.06.14"]
[Round "3"]
[White "Tomnikova,L"]
[Black "Pogosian,G"]
[Result "1-0"]
[WhiteElo "1972"]
[BlackElo "2220"]

1.e4 c6 2.d4 d6 3.Nc3 Nf6 4.f3 g6 5.Be3 Bg7 6.Qd2 O-O 7.Bh6 e5 8.Nge2 Nbd7
9.O-O-O b5 10.h4 Qa5 11.h5 b4 12.Nb1 Nb6 13.Bxg7 Kxg7 14.hxg6 fxg6 15.a3 bxa3
16.Nxa3 Qxd2+ 17.Rxd2 Ba6 18.dxe5 dxe5 19.Rd6 Rac8 20.Nd4 exd4 21.Bxa6 Rc7
22.Rxd4 Nh5 23.Rhd1 Nf4 24.R1d2 h5 25.Nc4 h4 26.Ne5 Kf6 27.Nd3 Ne6 28.e5+ Kg5
29.Rg4+ Kh5 30.Nf2 Nd5 31.Bd3 g5 32.Re4 Ndf4 33.Ng4 Nxd3+ 34.cxd3 Nf4 35.d4 Kg6  1-0

[Event "13th Open"]
[Site "Voronezh RUS"]
[Date "2009.06.14"]
[Round "3"]
[White "Ponkratov,P"]
[Black "Potapov,Alexe"]
[Result "1/2-1/2"]
[WhiteElo "2579"]
[BlackElo "2354"]

1.e4 d6 2.d4 Nf6 3.Nc3 e5 4.Nge2 Be7 5.f3 c6 6.Be3 Nbd7 7.g4 d5 8.Ng3 dxe4
9.fxe4 O-O 10.Be2 exd4 11.Bxd4 Nc5 12.g5 Nfd7 13.h4 Ne6 14.Nf5 Nxd4 15.Qxd4 f6
16.Qc4+ Kh8 17.O-O-O Qe8 18.Bh5 g6 19.Nxe7 Qxe7 20.gxf6 Nxf6 21.Be2 Bg4 22.e5 Bxe2
23.Qxe2 Rae8 24.Rhe1 Nh5 25.Qe3 Qxh4 26.Qxa7 Rf7 27.Kb1 Ng3 28.a4 Qc4 29.e6 Rfe7
30.Rd4 Qa6 31.Qc5 Nf5 32.Rf4 Qa8 33.Qe5+ Ng7 34.Qd4 Qd8 35.Qf6 Kg8 36.Qf7+ Kh8
37.Qf6 Kg8 38.Qf7+ Kh8  1/2-1/2

[Event "Open"]
[Site "Teplice CZE"]
[Date "2009.06.15"]
[Round "3"]
[White "Rubes,J"]
[Black "Vondra,Z"]
[Result "0-1"]
[WhiteElo "1932"]
[BlackElo "2155"]

1.e4 d6 2.d4 Nf6 3.Nc3 e5 4.Nf3 Nbd7 5.Be3 Be7 6.Qd2 O-O 7.O-O-O Ng4 8.Nd5 Nxe3
9.Nxe3 c6 10.Kb1 Qc7 11.Nf5 Nf6 12.Qe1 Bxf5 13.exf5 e4 14.Nd2 d5 15.g4 Nxg4
16.f3 exf3 17.Nxf3 Bf6 18.Bd3 Qf4 19.Rf1 Ne3 20.Qd2 Qh6 21.Rg1 Kh8 22.Rde1 Rfe8
23.c3 Re7 24.Rg3 Nxf5 25.Qxh6 Nxh6 26.Rxe7 Bxe7 27.Kc2 Bf6 28.Kd2 Re8 29.Rh3 Kg8
30.Rh5 Be7 31.b4 Bf8 32.b5 g6 33.Re5 Rxe5 34.Nxe5 Bd6 35.Nd7 f5 36.bxc6 bxc6
37.Nf6+ Kf7 38.Nxh7 Be7 39.Ba6 Kg7 40.Bb7 Kxh7 41.Bxc6 Ng4 42.Bxd5 Nxh2 43.c4 Kg7
44.c5 Kf6 45.Kd3 Nf1 46.a4 Bd8 47.Bg2 Ng3 48.Kc4 g5 49.Kd5 Ne2 50.Bf1 Nc3+
51.Kd6 Nxa4 52.Bb5 Nc3 53.Bf1 Ne4+ 54.Kd7 Nxc5+ 55.dxc5 Ba5 56.c6 g4 57.Be2 Kg5
58.c7 Bxc7 59.Kxc7 f4 60.Kd6 f3  0-1

[Event "Open"]
[Site "Teplice CZE"]
[Date "2009.06.15"]
[Round "3"]
[White "Lukman,R"]
[Black "Hausner,I"]
[Result "0-1"]
[WhiteElo "2254"]
[BlackElo "2393"]

1.e4 d6 2.d4 Nf6 3.Nc3 c6 4.f4 Qa5 5.e5 Ne4 6.Bd3 Nxc3 7.Qd2 g6 8.Ne2 Bf5
9.Nxc3 e6 10.Ne4 Qxd2+ 11.Bxd2 Bxe4 12.Bxe4 d5 13.Bd3 Nd7 14.g4 h5 15.f5 hxg4
16.fxe6 fxe6 17.Bxg6+ Kd8 18.O-O-O Bh6 19.Rhg1 c5 20.c3 cxd4 21.cxd4 Rc8+
22.Kb1 Bxd2 23.Rxd2 Rh4 24.Bc2 Ke7 25.Bd1 Rg8 26.Rg3 Rg7 27.Rc3 Kd8 28.Ra3 a6
29.Rb3 Nb8 30.Rg3 Nc6 31.a3 Ne7 32.h3 Rxh3 33.Rxg4 Rg3 34.Rxg7 Rxg7 35.Kc2 Nf5
36.Kc3 Rc7+ 37.Kb3 Rc4 38.Rh2 Nxd4+ 39.Ka2 Nc6 40.Rh8+ Kd7 41.Rh7+ Ne7 42.Rh8 Rc8
43.Rh5 Rg8 44.Bc2 Rg7 45.Bd3 Nc6 46.Bf1 Rg6 47.Bh3 Kc7 48.Rh7+ Kb6 49.Rh8 a5
50.Re8 Nd4 51.a4 Rg5 52.Bxe6 Rxe5 53.Bf7 Rxe8 54.Bxe8 Kc5 55.Bf7 Kc4 56.b3+ Nxb3  0-1

[Event "Open"]
[Site "Varna BUL"]
[Date "2009.06.15"]
[Round "4"]
[White "Parligras,M"]
[Black "Arnaudov,P"]
[Result "1-0"]
[WhiteElo "2586"]
[BlackElo "2199"]

1.e4 d6 2.d4 Nf6 3.Nc3 c6 4.f4 Qa5 5.Bd2 e5 6.dxe5 dxe5 7.Nd5 Qd8 8.Nxf6+ Qxf6
9.Nf3 Nd7 10.f5 h6 11.g4 Bc5 12.Bc4 b5 13.Bb3 Bb7 14.Qe2 Qe7 15.a4 a6 16.g5 O-O-O
17.O-O-O Bb6 18.a5 Ba7 19.h4 Kb8 20.Rhf1 c5 21.c4 Rc8 22.cxb5 axb5 23.Qxb5 c4
24.Bc2 Nc5 25.Bb4 hxg5 26.a6 Rce8 27.Bxc5 Bxc5 28.Rd7  1-0

[Event "13th FIDE Open"]
[Site "Voronezh RUS"]
[Date "2009.06.15"]
[Round "4"]
[White "Kiselev,Al"]
[Black "Startsev,V"]
[Result "1/2-1/2"]
[WhiteElo "2121"]
[BlackElo "2209"]

1.e4 d6 2.d4 Nf6 3.Nc3 e5 4.Nf3 Nbd7 5.Bc4 Be7 6.O-O O-O 7.Re1 c6 8.a4 a5
9.h3 Qe8 10.Nh4 Nb6 11.Bb3 Be6 12.dxe5 dxe5 13.Nf5 Bxb3 14.cxb3 g6 15.Be3 gxf5
16.Bxb6 f4 17.Rc1 Qd7 18.f3 Qe6 19.Bf2 Kh8 20.Kh2 Rg8 21.Rg1 Rg6 22.Ne2 Nh5
23.Rc3 Rag8 24.Bc5 Bh4 25.Rd3 Qf6 26.Rd6 Qg5 27.Rxg6 hxg6 28.Bb6 Qe7 29.Qc2 g5
30.Qc5 Qxc5 31.Bxc5 Kg7 32.Rd1 Nf6 33.Kg1 b5 34.Nc3 bxa4 35.Nxa4 Nh5 36.Bb6 Ng3
37.Rd2 Rb8 38.Bc7 Rb5 39.Nc3 Rxb3 40.Bxe5+ f6 41.Bd4 Kf7 42.Bc5 Nh5 43.Kf1 Ng3+
44.Kg1 Nh5 45.Kf1  1/2-1/2

[Event "13th Open"]
[Site "Voronezh RUS"]
[Date "2009.06.15"]
[Round "4"]
[White "Kostin,Alexe"]
[Black "Ponkratov,P"]
[Result "0-1"]
[WhiteElo "2353"]
[BlackElo "2579"]

1.e4 d6 2.d4 Nf6 3.Nc3 c6 4.Nf3 Bg4 5.h3 Bh5 6.Be2 Nbd7 7.O-O e5 8.Be3 Be7
9.Nd2 Bg6 10.f4 exf4 11.Bxf4 O-O 12.Bf3 Re8 13.h4 h5 14.a4 Bf8 15.a5 c5 16.d5 Ne5
17.Bg5 Be7 18.g3 Nfg4 19.Bxe7 Qxe7 20.Bxg4 Nxg4 21.Qf3 Qe5 22.Qf4 Qd4+ 23.Kh1 c4
24.Nb5 Qxb2 25.Nxd6 c3 26.N2c4 Qxc2 27.e5 Qh2+  0-1

[Event "XXVII Open A"]
[Site "Balatonlelle HUN"]
[Date "2009.06.16"]
[Round "4"]
[White "Brumen,D"]
[Black "Nemeth,Mi1"]
[Result "1/2-1/2"]
[WhiteElo "2355"]
[BlackElo "2472"]

1.e4 d6 2.d4 Nf6 3.Nc3 Nbd7 4.Nf3 e5 5.Bc4 Be7 6.O-O O-O 7.a4 c6 8.Qe2 h6
9.Rd1 Qc7 10.dxe5 Nxe5 11.Nxe5 dxe5 12.h3 b6 13.Qf3 Nh7 14.Rd3 Bg5 15.Ne2 Bxc1
16.Rxc1 Ng5 17.Qe3 Be6 18.Bb3 Bxb3 19.cxb3 Ne6 20.Rdc3 Qd7 21.Rd3 Qc7 22.Rdc3 Qd7
23.Rd3  1/2-1/2

[Event "XLIV Capablanca Memorial Open"]
[Site "Havana CUB"]
[Date "2009.06.16"]
[Round "8"]
[White "Carvajal,N"]
[Black "Cruz de la Osa,R"]
[Result "0-1"]
[WhiteElo "2330"]
[BlackElo "2228"]

1.e4 d6 2.d4 Nf6 3.Nc3 e5 4.Nf3 Nbd7 5.Bc4 Be7 6.O-O O-O 7.Re1 c6 8.a4 b6
9.b3 a6 10.Bb2 Rb8 11.d5 b5 12.axb5 axb5 13.Bd3 cxd5 14.exd5 b4 15.Na4 Bb7
16.Bc4 Re8 17.Qd2 Nf8 18.c3 Ng6 19.cxb4 Nf4 20.Nc3 Qc8 21.h3 Qf5 22.Re3 Bd8
23.Ne1 Bb6 24.Rf3 Qg6 25.Kf1 Bd4 26.Ra5 Bxc3 27.Bxc3 Ne4 28.Qd1 Ba8 29.Bd2 Nxd2+
30.Qxd2 Qg5 31.Rg3 Qf6 32.Nd3 Nh5 33.Re3 Qd8 34.Re1 e4 35.Nc1 Qf6 36.Na2 Nf4
37.Qc3 Re5 38.Re3 Rc8 39.Qd4 Nxg2 40.Rg3 Nh4  0-1

[Event "XLIV Capablanca Memorial Open"]
[Site "Havana CUB"]
[Date "2009.06.16"]
[Round "8"]
[White "Ordunez,E"]
[Black "Arribas Robaina,M"]
[Result "1-0"]
[WhiteElo "2270"]
[BlackElo "2336"]

1.e4 d6 2.d4 Nf6 3.Nc3 c6 4.Nf3 Bg4 5.Be2 e6 6.O-O Be7 7.a4 O-O 8.Be3 d5
9.e5 Nfd7 10.Nd2 Bxe2 11.Nxe2 c5 12.f4 Nc6 13.c3 cxd4 14.Nxd4 Nxd4 15.Bxd4 f5
16.exf6 Bxf6 17.Nb3 Qc7 18.Qg4 Rae8 19.Rae1 Qc4 20.Rxe6 Qxb3 21.Rxe8 Bxd4+
22.cxd4 Rxe8 23.Qxd7 Re2 24.Kh1 h6 25.h3 Rd2 26.Kh2 Rxd4 27.Qe6+ Kh7 28.Qf5+ Kh8
29.Rc1  1-0

[Event "Municipality Cup"]
[Site "Tbilisi GEO"]
[Date "2009.06.16"]
[Round "2"]
[White "Tsereteli,T"]
[Black "Gamzardia,G"]
[Result "1-0"]
[WhiteElo "2365"]
[BlackElo "2139"]

1.e4 d6 2.d4 Nf6 3.Nc3 e5 4.Nf3 Nbd7 5.Bc4 Be7 6.O-O O-O 7.Qe2 c6 8.Rd1 b5
9.dxe5 dxe5 10.Nxe5 bxc4 11.Nxc6 Qe8 12.e5 Bc5 13.exf6 Nxf6 14.Qxe8 Rxe8
15.Bf4 Bf5 16.Rac1 Rac8 17.Nd4 Bg4 18.Nf3 Ne4 19.Nxe4 Rxe4 20.Bd6 Bb6 21.Re1 Rce8
22.Kf1 f5 23.h3 Bh5 24.Rxe4 fxe4 25.Ne5 c3 26.b3 Rd8 27.Nc4 Bd4 28.Bf4 Bf6
29.g4 Bf7 30.Nd6 Bg6 31.Ke2 h5 32.Ke3 hxg4 33.hxg4 Bg5 34.Nxe4 Bxf4+ 35.Kxf4 Rd4
36.f3 Bxe4 37.fxe4 Rd2 38.Ke3 g5 39.b4 Kg7 40.a4 Rg2 41.b5 Rxg4 42.a5 Rf4
43.b6 axb6 44.axb6 Rf8 45.b7 Rb8 46.Rb1 Kf6 47.Kd4 g4 48.Kd5 g3 49.Kc6  1-0

[Event "13th Master Open"]
[Site "Voronezh RUS"]
[Date "2009.06.16"]
[Round "5"]
[White "Popov,Iv RUS"]
[Black "Zablotsky,S"]
[Result "1/2-1/2"]
[WhiteElo "2568"]
[BlackElo "2540"]

1.e4 d6 2.d4 Nf6 3.Nc3 e5 4.Nf3 Nbd7 5.g4 Nxg4 6.Rg1 Ngf6 7.Be3 c6 8.Qd3 b5
9.O-O-O Qa5 10.a3 g6 11.dxe5 dxe5 12.Rg5 Be7 13.Nxe5 Nxe5 14.Rxe5 Be6 15.Bd4 Rd8
16.f4 Qc7 17.Nd5 cxd5 18.exd5 Rxd5 19.Rxd5 Bxd5 20.Be5 Qc6 21.Qxb5 O-O 22.Qxc6 Bxc6
23.Bxf6 Bxf6 24.Rd6 Bb7 25.Rxf6 Rd8 26.Bc4 Rd7 27.Bb5 Rd8 28.Bc4  1/2-1/2

[Event "XXVII Open A"]
[Site "Balatonlelle HUN"]
[Date "2009.06.17"]
[Round "5"]
[White "Nemeth,Mi1"]
[Black "Webersberger,J"]
[Result "1/2-1/2"]
[WhiteElo "2472"]
[BlackElo "2328"]

1.e4 d6 2.d4 Nf6 3.Nc3 e5 4.Nf3 Nbd7 5.Bc4 Be7 6.O-O O-O 7.Re1 c6 8.a4 a5
9.h3 exd4 10.Nxd4 Nc5 11.Qf3 Be6 12.Ba2 Qd7 13.Bf4 Rae8 14.g4 d5 15.exd5 Nxd5
16.Bxd5 cxd5 17.Ncb5 Rc8 18.Re3 Ne4  1/2-1/2

[Event "Municipality Cup"]
[Site "Tbilisi GEO"]
[Date "2009.06.17"]
[Round "3"]
[White "Beradze,I"]
[Black "Tereladze,S"]
[Result "1-0"]
[WhiteElo "2171"]
[BlackElo "2276"]

1.e4 d6 2.d4 Nf6 3.Nc3 e5 4.dxe5 dxe5 5.Qxd8+ Kxd8 6.Bg5 c6 7.f4 h6 8.Bxf6+ gxf6
9.f5 Bb4 10.O-O-O+ Ke7 11.Nge2 b5 12.a3 Bd6 13.g4 a5 14.Ng3 Ba6 15.a4 b4
16.Nb1 Bc5 17.Nd2 Be3 18.Kb1 Bxd2 19.Rxd2 Rd8 20.Rxd8 Kxd8 21.h4 Bxf1 22.Nxf1 Ke7
23.g5 hxg5 24.hxg5 Nd7 25.g6 fxg6 26.Rh7+ Kd6 27.fxg6 Rg8 28.g7 Ke6 29.Ng3 Nc5
30.Nf5 Kf7 31.Rh4 Rxg7 32.Nxg7 Kxg7 33.b3 Kg6 34.Rg4+ Kh5 35.Rg8 Nxe4 36.Kc1 Ng5
37.Ra8 Kg4 38.Rxa5 Ne4 39.Kd1 Kf4 40.Ra8 f5 41.a5 Nc3+ 42.Ke1 e4 43.a6 Ke3
44.Rf8 Nb5 45.Rxf5  1-0

[Event "13th Master Open"]
[Site "Voronezh RUS"]
[Date "2009.06.19"]
[Round "8"]
[White "Rodin,D"]
[Black "Zablotsky,S"]
[Result "0-1"]
[WhiteElo "2428"]
[BlackElo "2540"]

1.e4 d6 2.d4 Nf6 3.Nc3 e5 4.Nf3 Nbd7 5.Bc4 Be7 6.O-O O-O 7.a4 c6 8.Ba2 exd4
9.Nxd4 Ne5 10.h3 Bd7 11.Re1 Re8 12.Be3 Qa5 13.Qd2 Qb4 14.Rad1 Nc4 15.Bxc4 Qxc4
16.Bf4 Rad8 17.Nb3 Be6 18.Qe3 Qa6 19.Rd2 b6 20.Red1 d5 21.e5 Nd7 22.Bg5 Bxg5
23.Qxg5 f6 24.exf6 Nxf6 25.Nd4 Qc8 26.Re2 h6 27.Qg3 Bf7 28.Rde1 Rxe2 29.Rxe2 c5
30.Ndb5 Qd7 31.Qc7 d4 32.Ne4 Nd5 33.Qxa7 Qxa7 34.Nxa7 Ra8 35.Nc6 Rxa4 36.Ne5 Ra1+
37.Kh2 Nf4 38.Rd2 Bd5 39.f3 Be6 40.b4 cxb4 41.Rxd4 Ra2 42.Nd3 Nxd3 43.cxd3 b3
44.Rb4 Rc2 45.Nd6 Rd2 46.Rxb6 Rxd3 47.Ne4 Bd5 48.Nc5 Rc3 49.Na4 Rc2 50.Kg3 Kf7
51.h4 Ke7 52.Kf4 Bc6 53.Nb2 Rxb2 54.Rxc6 Rxg2 55.Rb6 b2 56.h5 Re2 57.Kf5 Kd7
58.f4 Kc7 59.Rb3 Kd6 60.Kg6 Rg2+ 61.Kf7 Kd5  0-1

[Event "Open"]
[Site "Teplice CZE"]
[Date "2009.06.20"]
[Round "8"]
[White "Kulovana,E"]
[Black "Likavsky,T"]
[Result "0-1"]
[WhiteElo "2293"]
[BlackElo "2487"]

1.e4 d6 2.d4 Nf6 3.Nc3 Nbd7 4.g3 c5 5.Nge2 cxd4 6.Nxd4 a6 7.Bg2 e6 8.O-O Qc7
9.f4 g6 10.Kh1 Bg7 11.a4 O-O 12.f5 Ne5 13.Nce2 Bd7 14.b3 Rad8 15.Ba3 exf5
16.exf5 Neg4 17.Qd3 Rfe8 18.Bc1 Bxf5 19.Nxf5 gxf5 20.h3 Ne4 21.hxg4 Bxa1
22.gxf5 d5 23.c4 dxc4 24.Qb1 Nxg3+ 25.Nxg3 Qxg3 26.Qxa1 Re2 27.Rg1 Rd1  0-1

[Event "4th Polonia Wroclaw Open A"]
[Site "Warsaw POL"]
[Date "2009.06.21"]
[Round "2"]
[White "Biolek,R1"]
[Black "Yemelin,V"]
[Result "0-1"]
[WhiteElo "2373"]
[BlackElo "2582"]

1.e4 d6 2.d4 Nf6 3.Nc3 e5 4.Nge2 c6 5.g3 b5 6.Bg2 Nbd7 7.O-O Be7 8.d5 Bb7
9.dxc6 Bxc6 10.Nd5 O-O 11.Nec3 Nb6 12.Qe2 Bxd5 13.Nxd5 Nfxd5 14.exd5 a6 15.f4 exf4
16.Bxf4 Bf6 17.c3 Qc7 18.Qf2 Rae8 19.Rae1 Rxe1 20.Rxe1 Nc4 21.Re2 Rb8 22.a3 Ne5
23.Bxe5 Bxe5 24.Re4 g6 25.Bf1 a5 26.g4 Qb7 27.Qd2 Rf8 28.Bh3 Qe7 29.Kh1 Qh4
30.Qg2 Qg5 31.Re2 Rc8 32.Qf3 Rc4 33.Qd3 Qc1+ 34.Kg2 Qf4 35.Qg3 Qxg3+ 36.hxg3 b4
37.axb4 axb4 38.cxb4 Rxb4 39.Kf3 Kg7 40.Bf1 Kf6 41.Re3 Rxb2 42.Be2 Kg5 43.Bd3 Rb4
44.Be4 Ra4 45.Kg2 Kxg4 46.Bf3+ Kg5 47.Re2 h5 48.Re4 Ra2+ 49.Kh3 Ra3 50.Kg2 f5
51.Re2 Kh6  0-1

[Event "Oceania Zonal"]
[Site "Gold Coast AUS"]
[Date "2009.06.22"]
[Round "6"]
[White "Milligan,H"]
[Black "Kempen,L"]
[Result "0-1"]
[WhiteElo "1985"]
[BlackElo "2050"]

1.e4 d6 2.d4 Nf6 3.Nc3 Nbd7 4.Nf3 e5 5.Bc4 h6 6.O-O Be7 7.h3 c6 8.dxe5 dxe5
9.a4 Qc7 10.Qe2 Nf8 11.Rd1 g5 12.Nh2 Ng6 13.Ng4 Bxg4 14.hxg4 Nf4 15.Bxf4 gxf4
16.Rd3 Bc5 17.Rad1 Rg8 18.b4 Bxb4 19.f3 Bc5+ 20.Kf1 h5 21.g5 Rxg5 22.Qd2 Ke7
23.a5 Rag8 24.Na4 Be3 25.Rxe3 fxe3 26.Qb4+ Ke8  0-1

[Event "SCT WIM"]
[Site "Stockholm SWE"]
[Date "2009.06.22"]
[Round "6"]
[White "Bengtsson,Je"]
[Black "Bashkite,V"]
[Result "1/2-1/2"]
[WhiteElo "1730"]
[BlackElo "2159"]

1.e4 d6 2.d4 Nf6 3.Nc3 c6 4.Nf3 Bg4 5.a4 Nbd7 6.Be2 e5 7.O-O Be7 8.Be3 O-O
9.h3 Bxf3 10.Bxf3 h6 11.Qd2 Nh7 12.Be2 Bg5 13.f4 exf4 14.Bxf4 Ndf6 15.Rae1 Qb6
16.b3 Rae8 17.Bxg5 Nxg5 18.Bf3 Re7 19.Re3 Rfe8 20.Qd3 a5 21.Kh1 Qb4 22.Na2 Qa3
23.Nc3 Qb4 24.Na2 Qb6 25.Nc3 Qc7 26.Rfe1 Qc8 27.Kh2 Qe6 28.R3e2 Nxf3+ 29.Qxf3 Nh7
30.Qf5 Ng5 31.h4 Qxf5 32.exf5 Rxe2 33.Rxe2 Rxe2 34.Nxe2 Ne4 35.g4 Kf8 36.Kg2 Ke7
37.Kf3 d5 38.Nf4 Kd6 39.Nd3 b5 40.Nb2 Nc3 41.Ke3 bxa4 42.Nxa4 Nxa4 43.bxa4  1/2-1/2

[Event "Open"]
[Site "Albena BUL"]
[Date "2009.06.23"]
[Round "4"]
[White "Chatalbashev,B"]
[Black "Belov,Ig1"]
[Result "1-0"]
[WhiteElo "2571"]
[BlackElo "2443"]

1.d4 d6 2.e4 Nf6 3.Nc3 e5 4.Nf3 Nbd7 5.Bc4 Be7 6.O-O O-O 7.Re1 c6 8.a4 a5
9.Ba2 exd4 10.Nxd4 Nc5 11.Qf3 Bg4 12.Qg3 Kh8 13.Be3 Bd7 14.f3 Be6 15.Nxe6 Nxe6
16.Rad1 Nd7 17.Re2 Qc7 18.Red2 Rad8 19.Kh1 Ndc5 20.Ne2 Bf6 21.Bxe6 Nxe6 22.c3 Be7
23.Nd4 Nxd4 24.Bxd4 f6 25.c4 Rd7 26.b3 Re8 27.Qf2 Bd8 28.Bb2 Re6 29.Rd3 c5
30.Qg3 Kg8 31.Bc1 Be7 32.Qh3 Kf7 33.Qxh7 Bf8 34.Bf4 Qc6 35.Qh5+ Kg8 36.h4 Qc8
37.Qf5 Qe8 38.h5 Qf7 39.g4 Rd8 40.Kg2 Rd7 41.Rd5 Qe8 42.Qg6 Qe7 43.h6 b6
44.hxg7 Qxg7 45.Qf5 Qf7 46.Rh1 Rb7 47.Rdd1 Qe8 48.Rh5 Rg7 49.Rdh1 Qd8  1-0

[Event "Intomart GfK Open"]
[Site "Hilversum NED"]
[Date "2009.06.27"]
[Round "1"]
[White "In 't Veld,D"]
[Black "Reinderman,D"]
[Result "0-1"]
[WhiteElo "2168"]
[BlackElo "2560"]

1.e4 d6 2.d4 Nf6 3.Nc3 e5 4.dxe5 dxe5 5.Qxd8+ Kxd8 6.Bc4 Bb4 7.Bd2 Ke7 8.Nge2 c6
9.a3 Bc5 10.f3 Nbd7 11.Nd1 a5 12.Ne3 g6 13.a4 Nb6 14.Bb3 Be6 15.Nc1 Nfd7
16.Ke2 f5 17.Bxe6 Kxe6 18.Nd3 h5 19.h4 Bd6 20.Nf2 Rhd8 21.g3 Nc5 22.Rhd1 fxe4
23.fxe4 Bc7 24.b3 Nbd7 25.Nc4 Nf6 26.Ke3 b5 27.Bxa5 Rxd1 28.Rxd1 Rxa5 29.Nxa5 Bxa5
30.axb5 cxb5 31.Kf3 Bc3 32.Rd8 Bd4 33.Nh3 Ncxe4 34.Ng5+ Nxg5+ 35.hxg5 Nd7
36.g4 hxg4+ 37.Kxg4 b4 38.Rc8 e4 39.Kf4 e3 40.Rc6+ Kd5 41.Rc7 Be5+  0-1

[Event "1st Int Open"]
[Site "Perugia ITA"]
[Date "2009.06.27"]
[Round "1"]
[White "Schiappoli,D"]
[Black "Laketic,G"]
[Result "0-1"]
[WhiteElo "1959"]
[BlackElo "2457"]

1.e4 d6 2.d4 Nf6 3.Nc3 e5 4.dxe5 dxe5 5.Qxd8+ Kxd8 6.Bg5 Be6 7.O-O-O+ Nd7
8.Nf3 Kc8 9.Be2 Bb4 10.Nd5 Bc5 11.Nxf6 Nxf6 12.Bd3 Ng4 13.Bh4 Bxf2 14.h3 Bxh4
15.hxg4 Bg3 16.g5 c6 17.Kb1 Kc7 18.g6 fxg6 19.Ng5 Bg8 20.Rdf1 Bf4 21.Nh3 Bh6
22.g4 g5 23.b3 Be6 24.Rf2 Raf8 25.Rhf1 Rxf2 26.Rxf2 Rd8 27.Bc4 Bxg4  0-1

[Event "Open"]
[Site "Pula CRO"]
[Date "2009.06.27"]
[Round "1"]
[White "Candura,S"]
[Black "Biti,O"]
[Result "0-1"]
[WhiteElo "2001"]
[BlackElo "2356"]

1.d4 d6 2.e4 Nf6 3.Nc3 e5 4.dxe5 dxe5 5.Qxd8+ Kxd8 6.Bc4 Ke8 7.Nge2 c6 8.f3 Nbd7
9.Be3 Nb6 10.Bb3 Nfd7 11.a3 Bc5 12.Bxc5 Nxc5 13.Ba2 Ke7 14.O-O-O a5 15.Ng3 g6
16.Rhe1 Be6 17.Bxe6 Nxe6 18.Nf1 Rad8 19.Ne3 Nf4 20.Rxd8 Rxd8 21.Rd1 Rh8 22.Rd2 Ke6
23.g3 Nh3 24.Kd1 h5 25.b3 h4 26.g4 Ng1 27.Rf2 Rd8+ 28.Ke1 a4 29.b4 Kf6 30.Rf1 Nh3
31.Ke2 Nf4+ 32.Ke1 Kg5 33.Ne2 h3 34.Nc1 Rd4 35.Rf2 Rd7 36.Rd2 Ng2+ 37.Nxg2 Rxd2
38.Kxd2 hxg2 39.Ne2 Nc4+ 40.Ke1 Nxa3 41.c3 Nb1 42.Kf2 a3 43.Nc1 Nxc3 44.Kxg2 a2
45.Nb3 Na4 46.Kg3 c5 47.h4+ Kf6 48.bxc5 Nxc5 49.Na1 b5 50.Kf2 b4 51.h5 gxh5  0-1

[Event "Open"]
[Site "Pula CRO"]
[Date "2009.06.27"]
[Round "1"]
[White "Vrhovnik,D"]
[Black "Schmidt Schaeffer,S"]
[Result "0-1"]
[WhiteElo "2008"]
[BlackElo "2382"]

1.e4 d6 2.d4 Nf6 3.Nc3 Nbd7 4.Nf3 e5 5.Be2 Be7 6.O-O O-O 7.Be3 c6 8.a4 b6
9.dxe5 dxe5 10.Nd2 Nc5 11.Qe1 Ng4 12.Bxg4 Bxg4 13.h3 Bc8 14.f4 Ba6 15.Rf3 exf4
16.Bxf4 Ne6 17.Nb3 Nxf4 18.Rxf4 Qc7 19.e5 f6 20.Re4 fxe5 21.Rxe5 Rf1+  0-1

[Event "Petr Izmailov Mem"]
[Site "Tomsk RUS"]
[Date "2009.06.27"]
[Round "4"]
[White "Aitbayev,A"]
[Black "Zablotsky,S"]
[Result "0-1"]
[WhiteElo "2387"]
[BlackElo "2540"]

1.e4 d6 2.d4 Nf6 3.Nc3 e5 4.Nge2 c6 5.a4 Be7 6.g3 a5 7.Bg2 Na6 8.O-O O-O
9.h3 Nb4 10.Be3 exd4 11.Nxd4 d5 12.e5 Nd7 13.Bf4 g5 14.Nf5 gxf4 15.Qg4+ Bg5
16.gxf4 Re8 17.fxg5 Nxe5 18.Qf4 Bxf5 19.Qxf5 Qc8 20.Qxc8 Raxc8 21.Rac1 Nc4
22.b3 Na3 23.Rfd1 Naxc2 24.Rd2 Ne1 25.Bh1 Ned3 26.Rb1 Re5 27.h4 Rce8 28.Kh2 h6
29.gxh6 Kh7 30.Rg1 Kxh6 31.Rg3 Nc5 32.Nd1 Ne4 33.Bxe4 Rxe4 34.Ne3 Rxh4+ 35.Kg2 Rh5
36.f4 f5 37.Kf3 Re7 38.Rd1 Rf7 39.Rdg1 Nd3 40.Rg5 Ne5+ 41.Kf2 Rxg5 42.Rxg5 Ng4+
43.Nxg4+ fxg4 44.Rxg4 Rg7 45.Rh4+ Kg6 46.Rh8 Rh7 47.Rb8 Kf5 48.Ke3 Rh3+ 49.Kd4 Rxb3
50.Rf8+ Ke6 51.f5+ Ke7 52.Rb8 Rb4+ 53.Kc5 Kf6 54.Rf8+ Ke5 55.f6 Ke6 56.f7 Rxa4
57.Kb6 Rb4+  0-1

[Event "ch-SWE"]
[Site "Kungsor SWE"]
[Date "2009.06.29"]
[Round "2"]
[White "Berg,E"]
[Black "Johansson,Ja SWE"]
[Result "1-0"]
[WhiteElo "2610"]
[BlackElo "2440"]

1.e4 d6 2.d4 Nf6 3.Nc3 e5 4.Nf3 Nbd7 5.Bc4 Be7 6.O-O O-O 7.Re1 c6 8.a4 b6
9.Ba2 a6 10.h3 Rb8 11.Be3 b5 12.axb5 axb5 13.b4 Qc7 14.Bb3 Nb6 15.Qd3 Bd7
16.Ra6 Rfd8 17.Qe2 Be8 18.Rea1 Rb7 19.dxe5 dxe5 20.Bc5 Bxc5 21.bxc5 Nbd7
22.Qe3 Nb8 23.Ra8 Qe7 24.Na2 Nfd7 25.Rd1 Rc8 26.Rd6 Nb6 27.Ra5 Nc4 28.Bxc4 bxc4
29.Nd2 Rb5 30.Nxc4 Rxa5 31.Nxa5 Qa7 32.Qc3 Na6 33.Qxe5 Nxc5 34.Nxc6  1-0

[Event "Open"]
[Site "Pula CRO"]
[Date "2009.06.29"]
[Round "3"]
[White "Pfaffel,T"]
[Black "Schmidt Schaeffer,S"]
[Result "0-1"]
[WhiteElo "2158"]
[BlackElo "2382"]

1.e4 d6 2.d4 Nf6 3.Nc3 Nbd7 4.f4 e5 5.Nf3 exd4 6.Qxd4 c6 7.Be3 d5 8.O-O-O Bc5
9.Qd2 Bxe3 10.Qxe3 Qb6 11.Qe1 dxe4 12.Nxe4 O-O 13.Nd6 Nd5 14.f5 N7f6 15.h3 Qc5
16.Qe5 Rd8 17.Nxc8 Raxc8 18.Bd3 Re8 19.Qd4 Qa5 20.a3 c5 21.Qh4 Ne3 22.Bc4 h6
23.Rde1 Re4 24.Bxf7+ Kxf7 25.Qg3 Rce8 26.Re2 Nxf5 27.Qe1 Qc7 28.Rxe4 Nxe4
29.Kb1 Neg3  0-1

[Event "Open"]
[Site "Pula CRO"]
[Date "2009.06.30"]
[Round "5"]
[White "Vasic,Bo"]
[Black "Schmidt Schaeffer,S"]
[Result "0-1"]
[WhiteElo "2158"]
[BlackElo "2382"]

1.e4 d6 2.d4 Nf6 3.Nc3 Nbd7 4.f4 e5 5.Nf3 exd4 6.Nxd4 Nc5 7.Bd3 g6 8.O-O Bg7
9.Nde2 O-O 10.Ng3 Ng4 11.Nce2 c6 12.Kh1 h5 13.Rf3 h4 14.Nf1 Re8 15.Nd2 f5
16.exf5 Qe7 17.Ng1 Bxf5 18.Bxf5 gxf5 19.Nf1 Ne4 20.Nh3 d5 21.c3 Nd6 22.Be3 Nc4
23.Bg1 Qe2 24.b3 Nd6 25.Rc1 b5 26.Bf2 Qxa2 27.Rc2 Qxb3 28.c4 Nxf2+ 29.Nxf2 Qa4
30.cxd5 c5 31.Nd3 Ne4 32.Ne3 Rad8 33.Rf1 Ng3+ 34.hxg3 Rxe3 35.Nxc5 Qd4 36.Qxd4 Bxd4
37.Ne6 Rxd5 38.Nxd4 Rxd4 39.gxh4 b4 40.Rc5 b3 41.Rxf5 Rb4 42.Rc5 b2 43.Rb1 Ra3
44.Re5 Ra1 45.Ree1 Rxb1 46.Rxb1 a5  0-1